000 00762cam a2200217 a 4500
020 _a9781593272203
020 _a1593272200
082 0 0 _a005.432
100 1 _aKerrisk, Michael,
_d1961-
245 1 4 _aThe Linux programming interface :
_ba Linux and UNIX system programming handbook /
_cMichael Kerrisk.
260 _aSan Francisco :
_bNo Starch Press,
_cc2010.
300 _axli, 1506 p. :
_bill. ;
_c25 cm.
504 _aIncludes bibliographical references (p. [1437]-1445) and index.
650 0 _aLinux.
_965792
650 0 _aUNIX (Computer file)
_981052
650 0 _aOperating systems (Computers)
_96657
942 _2ddc
_cBK
999 _c585982
_d585982